Datum a čas kvízu
34.5
Celkem bodů
Celkový počet nahraných bodů na tomto kvízu bez doplňovacích otázek.
6.
Pořadí na kvízu
Konečné umístění týmu na tomto kvízu.
Zaznamenané odpovědi
| # | Otázka | Odpověď | Body | Výsledky |
|---|---|---|---|---|
| -14. | České silnice v pátek obsadili... | Speed Marathon | 0 | |
| -13. | Obří dopravní systém od společ... | Starship | 0 | |
| -12. | S newyorskou Broadwayí se v út... | Fantom opery | 0 | |
| -11. | Nejoblíbenějším internetovým o... | Lidlu | 1 | |
| -10. | V NHL odstartovalo minulý týde... | 1C 2A 3B 4D | 1 | |
| -14. | Prahu, Český Krumlov nebo Kutn... | Slavonice | 0 | |
| -13. | Jedním z nejkrásnějších míst v... | Milenci | 1 | |
| -12. | V Kamenici nad Lipou se každor... | Hračkobraní | 1 | |
| -11. | Litovel, Kojetín, Kroměříž, Ot... | Morava | 1 | |
| -10. | Mezi kterou z níže vypsaných d... | C | 1 |